00602nam a22001817a 450000500170000001000150001702000260003203500130005803700130007108200080008410000230009224501600011526000450027527000470032030000210036749000120038850000200040020160801113102.0 aENG-115569 a9789352550357c495.00 aEN-99100 bDBAD/PUB a540 aRay,Bidhan Chandra aGeneral and inorganic chemistry :bby Bidhan Chandra Ray [and] Satyanarayan Dascfor undergraduate & postrgraduate studens of all leading universities / aNew DelhibNew Central Book Agencyc2016 a8/1,Chintamoni Das Lane bKolkatae700009 a557p.c24cm(pbk) aVol II aIncludes index